[Event "Schleswig Holstein-ch U16"]
[Site "Neumuenster"]
[Date "2014.04.25"]
[Round "7"]
[White "Brenner, Magnus Philander"]
[Black "Tiedemann, Fin Niklas"]
[Result "0-1"]
[WhiteElo "1346"]
[BlackElo "1607"]
[PlyCount "64"]
[EventDate "2014.04.??"]
[EventType "swiss"]
[EventRounds "9"]
[EventCountry "GER"]
[SourceTitle "EXT 2022"]
[Source "ChessBase"]
[SourceDate "2021.10.06"]
[SourceVersion "1"]
[SourceVersionDate "2021.10.06"]
[SourceQuality "1"]

1. d4 Nf6 2. Bf4 d6 3. Nf3 g6 4. Nbd2 Bg7 5. c3 0-0 6. g3 Nbd7 7. e4 Re8 8. Bg2 e5 9. Be3 exd4 10. Nxd4 Nc5 11. Qc2 d5 12. 0-0 Ncxe4 13. Nxe4 Nxe4 14. Bf4 c6 15. Rfe1 Nc5 16. Rxe8+ Qxe8 17. Rd1 Ne6 18. Re1 Qd8 19. Qe2 Bd7 20. Nxe6 Bxe6 21. Be5 Rc8 22. Bxg7 Kxg7 23. Qe5+ Qf6 24. Qe3 b6 25. Qe5 Qxe5 26. Rxe5 Kf6 27. f4 Rc7 28. Re1 Re7 29. c4 dxc4 30. Bxc6 Bd7 31. Rxe7 Kxe7 32. Bxd7 Kxd7 0-1